书目信息 |
| 题名: |
《故事新编》赏读
|
|
| 作者: | 刘少影 主编 | |
| 分册: | ||
| 出版信息: | 沈阳 辽海出版社 2019 |
|
| 页数: | 250页 | |
| 开本: | 21cm | |
| 丛书名: | 鲁迅经典 | |
| 单 册: | ||
| 中图分类: | I210.976 | |
| 科图分类: | ||
| 主题词: | 鲁迅小说--小说评论 | |
| 电子资源: | ||
| ISBN: | 978-7-5451-5268-5 | |
| 000 | 01096nam2 2200253 4545 | |
| 001 | 012001007978 | |
| 005 | 20131021170645.0 | |
| 010 | @a978-7-5451-5268-5@dCNY38.00 | |
| 100 | @a20190528d2019 em y0chiy50 ea | |
| 101 | 0 | @achi |
| 102 | @aCN@b210000 | |
| 105 | @aa z 000yy | |
| 106 | @ar | |
| 200 | 1 | @a《故事新编》赏读@9《 gu shi xin bian 》 shang du@b专著@f刘少影主编 |
| 210 | @a沈阳@c辽海出版社@d2019 | |
| 215 | @a250页@c图@d21cm | |
| 225 | 2 | @a鲁迅经典 |
| 330 | @a本书分原著和赏读两部分。原著讲的故事的主人公,有古代神话里的英雄,还有一些古代的圣人、贤人,他们身上都有一些神圣的光圈。在书中,作者突发异想:这样一些身上有着神圣光圈的英雄、圣贤,如果有一天走到百姓当中,成了普通人,神变成人,变成常人,这个时候他们会有什么奇怪的遭遇和奇怪的命运呢?本书就是围绕这个多少有些古怪的想象而展开的。本书除了收录原著外,主要讲述了对原书如何进行鉴赏,以引导读者更好地阅读和理解原著的微言大义。 | |
| 461 | 0 | @12001 @a鲁迅经典 |
| 606 | 0 | @a鲁迅小说@x小说评论 |
| 690 | @aI210.976@v5 | |
| 701 | 0 | @a刘少影@9liu shao ying@4主编 |
| 801 | 2 | @aCN@b上海新华@c20191020 |
| 905 | @b1177677-80@dI210.976@e374@f4 | |
| 《故事新编》赏读/刘少影主编.-沈阳:辽海出版社,2019 |
| 250页:图;21cm.-(鲁迅经典) |
| ISBN 978-7-5451-5268-5:CNY38.00 |
| 本书分原著和赏读两部分。原著讲的故事的主人公,有古代神话里的英雄,还有一些古代的圣人、贤人,他们身上都有一些神圣的光圈。在书中,作者突发异想:这样一些身上有着神圣光圈的英雄、圣贤,如果有一天走到百姓当中,成了普通人,神变成人,变成常人,这个时候他们会有什么奇怪的遭遇和奇怪的命运呢?本书就是围绕这个多少有些古怪的想象而展开的。本书除了收录原著外,主要讲述了对原书如何进行鉴赏,以引导读者更好地阅读和理解原著的微言大义。 |
| ● |
| 相关链接 |
|
|
|
|
正题名:《故事新编》赏读
索取号:I210.976/374
 
预约/预借
| 序号 | 登录号 | 条形码 | 馆藏地/架位号 | 状态 | 备注 |
| 1 | 1177677 | 211776773 | 第一样本阅览室/ [索取号:I210.976/374] | 在馆 | |
| 2 | 1177678 | 211776782 | 第二借阅区/ [索取号:I210.976/374] | 在馆 | |
| 3 | 1177679 | 211776791 | 第二借阅区/ [索取号:I210.976/374] | 在馆 | |
| 4 | 1177680 | 211776808 | 第二借阅区/ [索取号:I210.976/374] | 在馆 |